Central Library OPAC University of Rajshahi

স্বর্ণলতা / (Record no. 64336)

MARC details
000 -LEADER
fixed length control field 01166nam a2200241 a 4500
001 - CONTROL NUMBER
control field 64336
003 - CONTROL NUMBER IDENTIFIER
rucl marc code BD-RjUL
005 - DATE AND TIME OF LATEST TRANSACTION
control field 20211209081308.0
008 - FIXED-LENGTH DATA ELEMENTS--GENERAL INFORMATION
fixed length control field 170213s1944 bg ||||| |||| 00| f ben d
035 ## - SYSTEM CONTROL NUMBER
System control number (BD-RjUL)64466
040 ## - CATALOGING SOURCE
Original cataloging agency BD-RjUL
Language of cataloging ben
Transcribing agency BD-RjUL
Modifying agency BD-RjUL
041 ## - LANGUAGE CODE
Language code of text/sound track or separate title ben
082 ## - DEWEY DECIMAL CLASSIFICATION NUMBER
Edition number 23
Classification number 891.443
Author mark and year GAS 1960
100 ## - MAIN ENTRY--PERSONAL NAME
Personal name গঙ্গোপাধ্যায়, তারকনাথ
9 (RLIN) 175587
245 10 - TITLE STATEMENT
Title স্বর্ণলতা /
Statement of responsibility, etc. তারকনাথ গঙ্গোপাধ্যায় সম্পাদক শ্রীব্রজেন্দ্রনাথ বন্দোপাধ্যায় এবং শ্রীসজনীকান্তদাস
260 ## - PUBLICATION, DISTRIBUTION, ETC. (IMPRINT)
Place of publication, distribution, etc. ঢাকা :
Name of publisher, distributor, etc. বঙ্গীয়-সাহিত্য-পরিষৎ,
Date of publication, distribution, etc. ১৯৪৪
300 ## - PHYSICAL DESCRIPTION
Pagination ২২৫ পৃ. ;
Size ২৪ সেমি.
650 ## - SUBJECT ADDED ENTRY--TOPICAL TERM
Topical term or geographic name as entry element বাংলা উপন্যাস
9 (RLIN) 170454
Topical term or geographic name as entry element Bengali Fiction
9 (RLIN) 170455
700 ## - ADDED ENTRY--PERSONAL NAME
Personal name বন্দোপাধ্যায়, শ্রীব্রজেন্দ্রনাথ
Personal name দাস, শ্রীসজনীকান্ত
942 ## - ADDED ENTRY ELEMENTS (KOHA)
Source of classification or shelving scheme Dewey Decimal Classification
Koha item type Books
Holdings
Lost status Source of classification or shelving scheme Damaged status Not for loan Collection code Permanent Location Current Location Shelving location Date acquired Source of acquisition Cost, normal purchase price Total Checkouts Full call number Date last seen Copy number Koha item type
  Dewey Decimal Classification   Not For Loan Fiction Central Library, University of Rajshahi Central Library, University of Rajshahi Reading Room 21/11/1962 Kamal book 2.50   B 891.443 GAS 1944 13/02/2017 C-1 Books